Lecciones de historia sagrada para uso de las primeras clases elementales: (Record no. 34037)

MARC details
000 -CABECERA
campo de control de longitud fija 00932nam a2200265 a 4500
003 - IDENTIFICADOR DEL NÚMERO DE CONTROL
campo de control MX-MxUPN
005 - FECHA Y HORA DE LA ÚLTIMA TRANSACCIÓN
campo de control 20240612155440.0
008 - ELEMENTOS DE LONGITUD FIJA--INFORMACIÓN GENERAL
campo de control de longitud fija 991125s1923 mx a br 000 0 spa u
035 ## - NÚMERO DE CONTROL DEL SISTEMA
Número de control de sistema UPN01000034037
040 ## - FUENTE DE LA CATALOGACIÓN
Centro catalogador/agencia de origen MX-MxUPN
Lengua de catalogación spa
Centro/agencia transcriptor MX-MxUPN
041 ## - CÓDIGO DE IDIOMA
Código de lengua del texto/banda sonora o título independiente spa
050 14 - SIGNATURA TOPOGRÁFICA DE LA BIBLIOTECA DEL CONGRESO
Número de clasificación BS635.2
Número de documento/Ítem F74 1923
110 2# - ASIENTO PRINCIPAL--NOMBRE CORPORATIVO
Nombre de entidad corporativa o nombre de jurisdicción como elemento de entrada F.T.D.
9 (RLIN) 51456
245 10 - MENCIÓN DE TÍTULO
Título Lecciones de historia sagrada para uso de las primeras clases elementales:
Resto del título obrita ilustrada con numerosos grabados
250 ## - MENCIÓN DE EDICIÓN
Mención de edición Cuarta edición.
260 ## - PUBLICACIÓN, DISTRIBUCIÓN, ETC.
Lugar de publicación, distribución, etc. México, D.F. :
Nombre del editor, distribuidor, etc. Colección F.T.D.,
Fecha de publicación, distribución, etc. 1923.
300 ## - DESCRIPCIÓN FÍSICA
Extensión 127 páginas :
Otras características físicas ilustraciones
490 0# - MENCIÓN DE SERIE
Mención de serie Libros escolares F.T.D. Religión
500 ## - NOTA GENERAL
Nota general Aprobada por la autoridad eclesiástica.
630 04 - ASIENTO SECUNDARIO DE MATERIA - TÍTULO UNIFORME
Título uniforme Biblia
Subdivisión general Historia Sagrada
9 (RLIN) 3894
650 #4 - ASIENTO SECUNDARIO DE MATERIA - TERMINO TEMATICO
Término de materia o nombre geográfico como elemento de entrada Educación religiosa de niños
9 (RLIN) 9232
650 #0 - ASIENTO SECUNDARIO DE MATERIA - TERMINO TEMATICO
Término de materia o nombre geográfico como elemento de entrada Iglesia
9 (RLIN) 51426
Subdivisión cronológica Historia de los primeros tiempos, ca. 30-600
902 ## - ELEMENTOS DE DATOS B LOCAL, LDB (RLIN)
Modificó MariaRobles/220324
942 ## - ELEMENTOS DE PUNTO DE ACCESO ADICIONAL (KOHA)
Fuente del sistema de clasificación o colocación Library of Congress Classification
Tipo de ítem Koha Libro
Suprimir en OPAC No
Holdings
Estado de retiro Estado de pérdida Fuente del sistema de clasificación o colocación Estado dañado No para préstamo Código de colección Localización permanente Ubicación/localización actual Ubicación en estantería Fecha de adquisición Clasificación Código de barras Fecha visto por última vez Tipo de ítem Koha
    Library of Congress Classification   Disponible (Préstamo en sala) Libros de texto Bib. Gregorio Torres Quintero Bib. Gregorio Torres Quintero Colecciones especiales Planta alta 18/11/2022 BS635.2 F74 1923 122032 31/12/2020 Libro